Statistics for Countries with the same starting letter as it's capital

Click here to take the quiz!

General Stats

  • This quiz has been taken 44 times
  • The average score is 17 of 28

Answer Stats

Answer% Correct
Algeria
87%
Brazil
87%
Luxembourg
83%
Mexico
83%
Sweden
83%
Guatemala
80%
Vatican City
80%
Panama
77%
Tunisia
77%
Andorra
73%
San Marino
70%
Singapore
70%
Belgium
63%
Monaco
63%
Kuwait
57%
South Korea
57%
Belize
53%
Niger
53%
Taiwan
50%
Guyana
47%
São Tomé and Príncipe
43%
Brunei
37%
Djibouti
37%
Maldives
37%
Sri Lanka
37%
Mozambique
33%
Papua New Guinea
33%
Barbados
30%

Score Distribution

Percentile by Number Answered

Percent of People with Each Score

Your Score History

You have not taken this quiz